Länder mit dem höchsten BIP-Wachstum - Statistiken

Allgemein
  • Dieses Quiz wurde 37 mal gespielt
  • Das Durchschnittsergebnis liegt bei 5 aus 20
Antwortstatistiken
Bewertung Land % Korrekt
6,5% Indien
81%
10,3% Niger
69%
6,5% DR Kongo
41%
8,9% Ruanda
41%
6,3% Uganda
34%
8,1% Äthiopien
31%
6,0% Elfenbeinküste
31%
6,1% Guinea
28%
6,5% Benin
25%
6,7% Senegal
25%
7,1% Vietnam
25%
9,4% Georgien
22%
6,5% Usbekistan
19%
8,2% Belize
13%
6,5% Dschibuti
13%
9,0% Kirgisistan
13%
8,4% Tadschikistan
13%
7,1% Palau
9%
9,4% Samoa
9%
43,6% Guyana
6%
Keine übereinstimmenden Quizze gefunden
Verteilung der Resultate
Anzahl Personen mit jedem Resultat
Perzentil nach korrekt beantworteten Fragen
Ihre Resultats-Entwicklung
Sie haben dieses Quiz noch nicht gespielt